Italia telecom 1975
Salvato in:
| Natura: | Libro |
|---|---|
| Lingua: | Undetermined |
| Pubblicazione: |
Geneve
Geneve
1975
|
| Soggetti: | |
| Tags: |
Aggiungi Tag
Nessun Tag, puoi essere il primo ad aggiungerne! !
|
| Thư viện lưu trữ: | Trung tâm Học liệu Trường Đại học Cần Thơ |
|---|
| LEADER | 00419nam a2200169Ia 4500 | ||
|---|---|---|---|
| 001 | CTU_87753 | ||
| 008 | 210402s9999 xx 000 0 und d | ||
| 082 | |a 384 | ||
| 082 | |b I.88 | ||
| 245 | 0 | |a Italia telecom 1975 | |
| 260 | |a Geneve | ||
| 260 | |b Geneve | ||
| 260 | |c 1975 | ||
| 650 | |a Telecommunications | ||
| 650 | |z Italia | ||
| 904 | |i Trọng Hiếu | ||
| 980 | |a Trung tâm Học liệu Trường Đại học Cần Thơ | ||